00758nam a2200205 a 4500008004100000020001500041050001400056100003800070245002900108260004200137300003500179350000900214500004100223650001300264650001500277700001900292995009400311999001700405952013000422120416s1984 ||||||||||||||||| || u a0673159752 aHD 31 Sto aStoner, James Arthur Finch, 1935-10aIntroduction to business aGlenview, Ill.bScott, Foresmanc1984 axix, 684 p. : ill. (some col.) a0.00 aIncludes bibliographies and indexes. 0aBUSINESS 0aMANAGEMENT aDolan, Edwin G D0.00FCBU-MAIN LIBRARY (Kitwe)H1I27.75M1UDAMAGEDZMain Library Open Access Collection c47632d47632 00102lcc4070a001b001cMain Library Open Access Collectiond2022-11-30l0oHD 31 Stop021624r2022-11-30w2022-11-30y002